000 00259nam a22001217a 4500
008 180514b xxu||||| |||| 00| 0 eng d
041 _aeng
080 _a043.3
100 _a0
101 _aSHKI-BTH
245 _aWeb Site Security
_cDoci,B
942 _2udc
_cBK
999 _c45776
_d45776